| 000 | 00984nas a2200325 4500 | ||
|---|---|---|---|
| 001 | BR2011002912 | ||
| 003 | BR-BrBNA | ||
| 005 | 20231205114957.0 | ||
| 007 | ta | ||
| 008 | 230509b bl.|||p| |||| 00| 00por d | ||
| 040 |
_aBR-BrBNA _bpor _cBiblioteca Nacional de Agricultura |
||
| 041 | _a(En) | ||
| 072 | _aL73 | ||
| 100 | 1 | _aAbbas, R.Z. | |
| 100 | 1 | _aMunawar, S.H. | |
| 100 | 1 | _aManzoor, Z. | |
| 100 | 1 | _aIqbal, Z. | |
| 100 | 1 | _aKhan, M.N. | |
| 100 | 1 | _aSaleemi, M.K. | |
| 100 | 1 | _aZia, M.A. | |
| 100 | 1 | _aYousaf, A. | |
| 245 | 1 | _aAnticoccidial effects of acetic acid on performance and parhogenic parameters in broiler chickens challenged with Eimeria tenella | |
| 650 | _aFRANGO DE CORTE | ||
| 650 | _aCOCCIDEO | ||
| 650 | _aCOCCIDIOSE | ||
| 650 | _aÁCIDO ACÉTICO | ||
| 773 | 0 |
_tPesquisa Veterinária Brasileira (Brazil) _xISSN 0100-736X _g(Feb 2011), v. 31(2) p. 99-103 _wBR2011002912 |
|
| 909 |
_a202311 _bLúcia _c55 _dLúcia Elande |
||
| 942 |
_2AGRIS _n0 _cANA |
||
| 999 |
_c211514 _d211514 |
||